Het enige Afrikaanse land dat ... - Statistieken

Algemene statistieken
  • Deze quiz is 64 keer genomen
  • De gemiddelde score is 8 van 20
Antwoordstatistieken
Beschrijving Land % Correct
Met de letter K begint? Kenia
65%
Volledig door een ander land wordt omringd? Lesotho
65%
Israël twee keer heeft aangevallen? Egypte
63%
Ruim 10 miljoen jaarlijkse toeristen ontvangt? Marokko
60%
Slechts 20km verwijdert is van Jemen (Azië)? Djibouti
56%
Meer dan 500 films per jaar maakt? Nigeria
54%
een hoofdstad heeft aan het Victoriameer? Oeganda
48%
Al 10 Nobelprijzen heeft gewonnen? Zuid-Afrika
48%
Volledig boven 30°N ligt? Tunesië
46%
20% van zijn gebied verloor in 2011? Soedan
44%
De geboorteplaats is van 700.000 Fransen jaarlijks? Algerije
42%
Meer dan 100.000 olifanten heeft? Botswana
33%
Een maximumhoogte heeft boven de 5.500m? Tanzania
33%
Meer dan 2000 diersoorten heeft die nergens anders voorkomen Madagaskar
31%
Onbewoond bleef tot diep in de 18e eeuw? Seychellen
29%
Een hoofdstad heeft die vernoemd is naar een Amerikaans President? Liberia
23%
Bestuurd werd door een 90-jarige dictator? Zimbabwe
21%
Vooral Oromo en Amharic spreekt? Ethiopië
17%
Spaans als officiële taal heeft? Equatoriaal-Guinea
13%
Meer dan 1 miljoen km² aan bos heeft? D. R. Congo
6%
Geen overeenkomende quizzen gevonden
Scoreverdeling
Procent van Mensen met Elke Score
Percentiel versus Aantal Correcte Antwoorden
Uw Scoregeschiedenis
U heeft deze quiz nog niet genomen